000 00505nam a2200169Ia 4500
003 GCL
008 140319s9999 xx 000 0 ara d
020 _a7513201977
040 _aGCL /
_cGCL
082 0 4 _a812
_bوح
100 1 _aوليد يوسف
245 1 0 _aالحالة 94 /
_cوليد يوسف
260 _aالقاهرة :
_bمطابع الهيئة المصرية العامة للكتاب ،
_c1992
300 _a152 ؛
_c19سم
650 0 4 _aالمسرحية العربية
942 _2ddc
_cBK
999 _c6782
_d6782